Flower A-Z - Statistics

General Stats
  • This quiz has been taken 37 times
    34 since last reset
  • The average score is 8 of 25
Answer Stats
Letter Flower % Correct
L Lotus, lily, lilac, lavander
84%
R Rose, rosemallows
84%
T Tulip, tuberose flower
68%
D Daisy, dahlia, daffodil
64%
C Cherry blossom, chamomile, chrysanthemum, cone flower, columbine flower, crocus, carnation
56%
P Pansy, poppy, periwinkle, primrose, pomegranate
56%
I Indigo, iris, indian cane, ivy
52%
S Snowdrop, sunflower, sweet violin, shameplant
52%
V Vervain, violet ivy, violet
48%
M Monsoon lily, marigold, magnolia, mountain laurel
44%
O Orchid, orange blossom, oleander
40%
Z Zephyranthes, zinnia
32%
A Aloe vera, aster, arum, amaryllis
28%
J Jasmine, jamaica plum, jessamine, japan rose
28%
G Geranium, glory lily, golden frangipani, gladiolus
24%
W Woad, water lily, wallflower
24%
B Balloon, bleeding heart, bluebell, bluestar, butterlfy pea
20%
H Hibiscus, hollyhock, hypericum
20%
N Narcissus, nightshade, nettle
12%
Q Queen crape myrtle, quince
4%
E Emilia, english daisy, everlasting
0%
F Flax, foxtail orchid
0%
K Kalanchoe, kaffir lily, kangaroo paw
0%
U Umbrella plant, ursinia
0%
Y Yellow marigold, yew, yucca
0%
No matching quizzes found
Score Distribution
Percent of People with Each Score
Percentile by Number Answered
Your Score History
You have not taken this quiz since the last reset